|
|
|
|
| LEADER |
00613nab a2200157 i 4500 |
| 001 |
delm135219 |
| 005 |
20191202094358.0 |
| 008 |
191202s2005 hu o 0|| hun d |
| 040 |
|
|
|a SZTE Délmagyarország Archívum
|b hun
|
| 041 |
|
|
|a hun
|
| 100 |
1 |
|
|a Hollósi Zsolt
|
| 245 |
1 |
0 |
|a Évadnyitó a szegedi szimfonikusoknál
|h [elektronikus dokumentum] :
|b Mozart Requiemjével indul a koncertévad /
|c Hollósi Zsolt
|
| 260 |
|
|
|c 2005-09-10
|
| 300 |
|
|
|a 4
|
| 490 |
0 |
|
|a Délmagyarország
|v 95 No. 212
|
| 695 |
|
|
|a Szeged, Eseménynaptár Szeged 2005. 09., Zenei élet zenekar hangverseny évadnyitó Szeged, Szegedi Szimfonikus Zenekar
|